000 00596nam a2200205Ia 4500
005 20250507130244.0
008 008 250505s9999 xx 000 0 eng d
037 _aSeries Article
040 _aEASL
_beng
_cEASL
041 _aeng
_2eng
084 _qEASL
100 _aHong Eunsuk
_9669124
245 0 _aDynamics of internationalization and outward investment:chinese corporations strategies
260 _aUK
_bUK Cambridge Univesity Press UK
_c2006
300 _a610-634
650 _aChina
700 _aSun Elaine
_9669125
942 _cSRA
999 _c1318601
_d1318601